The Decline of the Muslim Ummah / (Record no. 601612)
[ view plain ]
| 000 -LEADER | |
|---|---|
| fixed length control field | 00331nam a2200121Ia 4500 |
| 008 - FIXED-LENGTH DATA ELEMENTS--GENERAL INFORMATION | |
| fixed length control field | 230907s9999||||xx |||||||||||||| ||und|| |
| 082 ## - DEWEY DECIMAL CLASSIFICATION NUMBER | |
| Classification number | 297.07 |
| Author Mark | IQB |
| 100 ## - MAIN ENTRY--PERSONAL NAME | |
| Personal name | Iqbal S. Hussain, Dr |
| 9 (RLIN) | 116199 |
| 245 #4 - TITLE STATEMENT | |
| Title | The Decline of the Muslim Ummah / |
| 260 ## - PUBLICATION, DISTRIBUTION, ETC. | |
| Place of publication, distribution, etc. | Services Book Club, |
| Name of publisher, distributor, etc. | Rawalpindi : |
| Date of publication, distribution, etc. | 2007 |
| 300 ## - PHYSICAL DESCRIPTION | |
| Extent | 464 p. |
| 942 ## - ADDED ENTRY ELEMENTS (KOHA) | |
| Koha item type | Book |
| Withdrawn status | Lost status | Damaged status | Not for loan | Permanent Location | Current Location | Date acquired | Total Checkouts | Full call number | Barcode | Date last seen | Date last checked out | Price effective from | Koha item type |
|---|---|---|---|---|---|---|---|---|---|---|---|---|---|
| US-Pakistan Center for Advanced Studies in Energy (USPCAS-E) | US-Pakistan Center for Advanced Studies in Energy (USPCAS-E) | 11/22/2018 | 1 | 297.07 IQB | CAS-ED000002 | 05/06/2024 | 04/04/2024 | 09/12/2023 | Book |
